000 00568cab a2200193 4500
001 WB2605-01
008 090401t1990 xxu||||| |||| 00| 0 eng d
035 _a(Sirsi) u65981
041 _aeng
245 _aCapital expenditure on construction work
260 _c1990
350 _a0
490 _aDOE Information Bulletin
_vno 54 30 January 1990 3 pages
520 _aDetailed breakdown of all capital expenditure by the public sector on new construction .
650 _aPUBLIC EXPENDITURE
690 _aBUILT ENVIRONMENT
942 _n0
948 _c04/03/1997
999 _c41222
_d41222